Sports Quiz

Random Sports Quiz
Score 0/15 Timer 04:00
0 Plays Today
Position Player % Correct
SFCarmelo Anthony
98.2%
CTyson Chandler
95.5%
PGRaymond Felton
92.9%
PGJason Kidd
88.4%
SGJR Smith
88.4%
PFAmar'e Stoudemire
86.6%
PGIman Shumpert
83.9%
PGPablo Prigioni
78.6%
Position Player % Correct
SFSteve Novak
78.6%
CMarcus Camby
71.4%
PFRasheed Wallace
67.9%
PFKurt Thomas
67%
SFChris Copeland
65.2%
SGJames White
58%
SFRonnie Brewer
54.5%

You're not logged in!

Compare scores with friends on all Sporcle quizzes.
OR
Log In

Sporcle TV

Today on Sporcle TV


Watch our educational content, quiz creation guides, and fun videos on Sporcle TV.

Show Comments

Extras

Top Quizzes Today


Score Distribution

Paid Content

Your Account Isn't Verified!

In order to create a playlist on Sporcle, you need to verify the email address you used during registration. Go to your Sporcle Settings to finish the process.

Report this User

Report this user for behavior that violates our Community Guidelines.

Details: